[Event "Online Olym Disabilities"]
[Site "Tornelo INT"]
[Date "2020.11.27"]
[Round "7.9"]
[White "Marchidan, Costica"]
[Black "Ashish, Krishnamurari Desai"]
[Result "0-1"]
[WhiteElo "1770"]
[BlackElo "1965"]
[PlyCount "94"]
[EventDate "2020.11.21"]
[EventType "team-swiss (rapid)"]
[EventRounds "7"]
[EventCountry "NET"]
[SourceTitle "CBM 199 Extra"]
[Source "ChessBase"]
[SourceDate "2021.01.31"]
[SourceVersion "1"]
[SourceVersionDate "2021.01.31"]
[SourceQuality "1"]
[WhiteTeam "Romania"]
[BlackTeam "India II"]
[WhiteTeamCountry "ROU"]
[BlackTeamCountry "IND"]

1. d4 Nf6 2. Nf3 e6 3. c4 d5 4. g3 dxc4 5. Bg2 c6 6. Ne5 Nbd7 7. Nxc4 Nb6 8. Ne5 Be7 9. 0-0 0-0 10. Nc3 Qc7 11. e4 Rd8 12. Be3 a6 13. Qb3 Nbd7 14. Nxd7 Bxd7 15. Rac1 Be8 16. Na4 b5 17. Nc5 Bxc5 18. Rxc5 Qe7 19. Rd1 Kh8 20. Bg5 h6 21. Bxf6 Qxf6 22. e5 Qe7 23. Bxc6 Bxc6 24. Rxc6 Qb7 25. Qc3 Rac8 26. Rc1 Rxc6 27. Qxc6 Qa7 28. Qc5 Qb7 29. Qb4 Qe4 30. Rd1 Rd5 31. Qf8+ Kh7 32. Qxf7 Rxd4 33. Rxd4 Qxd4 34. Qxe6 Qxb2 35. Kg2 a5 36. Qf5+ Kg8 37. e6 Qf6 38. Qd5 Kf8 39. Qc5+ Qe7 40. Qd5 Qf6 41. f4 g6 42. Kf3 Qc3+ 43. Kg4 Qf6 44. Qc5+ Qe7 45. Qe5 h5+ 46. Kf3 Qa3+ 47. Ke4 Qb4+ 0-1

[Event "IBCA EU-chT blind 2nd"]
[Site "Calimanesti"]
[Date "2019.10.13"]
[Round "9.3"]
[White "Suslov, Evgeniy"]
[Black "Marchidan, Costica"]
[Result "1-0"]
[WhiteElo "2236"]
[BlackElo "1816"]
[PlyCount "40"]
[EventDate "2019.10.05"]
[EventType "team-swiss"]
[EventRounds "9"]
[EventCountry "ROU"]
[SourceTitle "CBM 192 Extra"]
[Source "Chessbase"]
[SourceDate "2019.11.06"]
[SourceVersion "1"]
[SourceVersionDate "2019.11.06"]
[SourceQuality "1"]
[WhiteTeam "Russia"]
[BlackTeam "Romania"]
[WhiteTeamCountry "RUS"]
[BlackTeamCountry "ROU"]

1. Nf3 g6 2. g3 c5 3. c4 Bg7 4. Bg2 Nc6 5. 0-0 e6 6. Nc3 Nge7 7. d3 0-0 8. Bg5 d5 9. cxd5 exd5 10. Qd2 b6 11. Bh6 d4 12. Nb5 f6 13. Na3 Be6 14. Nc2 Bxh6 15. Qxh6 Rb8 16. Qd2 a5 17. Na3 b5 18. Rfc1 Qd6 19. Qc2 c4 20. dxc4 bxc4 1-0

[Event "IBCA EU-chT blind 2nd"]
[Site "Calimanesti"]
[Date "2019.10.08"]
[Round "4.4"]
[White "Barnowski, Sylwester"]
[Black "Marchidan, Costica"]
[Result "0-1"]
[WhiteElo "1788"]
[BlackElo "1816"]
[PlyCount "94"]
[EventDate "2019.10.05"]
[EventType "team-swiss"]
[EventRounds "9"]
[EventCountry "ROU"]
[SourceTitle "CBM 192 Extra"]
[Source "Chessbase"]
[SourceDate "2019.11.06"]
[SourceVersion "1"]
[SourceVersionDate "2019.11.06"]
[SourceQuality "1"]
[WhiteTeam "Poland"]
[BlackTeam "Romania"]
[WhiteTeamCountry "POL"]
[BlackTeamCountry "ROU"]

1. d4 Nf6 2. c4 g6 3. Nc3 Bg7 4. e4 d6 5. Nf3 0-0 6. Be2 e5 7. d5 a5 8. 0-0 Na6 9. Ne1 Nc5 10. f3 Nh5 11. Nd3 Nxd3 12. Bxd3 f5 13. Be3 f4 14. Bf2 g5 15. c5 Nf6 16. Be2 h5 17. cxd6 cxd6 18. Na4 g4 19. Nb6 g3 20. hxg3 fxg3 21. Nxa8 gxf2+ 22. Rxf2 Bd7 23. Rc1 Qxa8 24. Rc3 Qd8 25. Bd3 Bh6 26. Re2 Nh7 27. Qe1 Rf7 28. Bc4 Rg7 29. g4 hxg4 30. fxg4 Bf4 31. Rg2 Rxg4 32. Rxg4+ Bxg4 33. Qf1 Nf6 34. Qg2 Qe8 35. Be2 Qd7 36. Bxg4 Nxg4 37. Qc2 Be3+ 38. Kg2 Bc5 39. Rg3 Kf8 40. Qe2 Nf6 41. Qd2 Qh7 42. Rf3 Qg6+ 43. Kf1 Ke7 44. Qxa5 Qg1+ 45. Ke2 Qg2+ 46. Ke1 Qxf3 47. Qc7+ Nd7 0-1

[Event "ROM-ch"]
[Site "Calimanesti Caciulata"]
[Date "2017.03.31"]
[Round "7"]
[White "Marchidan, Costica"]
[Black "Vrencian, Lehel"]
[Result "0-1"]
[WhiteElo "1718"]
[BlackElo "2296"]
[PlyCount "56"]
[EventDate "2017.03.25"]
[EventType "swiss"]
[EventRounds "9"]
[EventCountry "ROU"]
[SourceTitle "CBM 177 Extra"]
[Source "ChessBase"]
[SourceDate "2017.04.27"]
[SourceVersion "1"]
[SourceVersionDate "2017.04.27"]
[SourceQuality "1"]

1. d4 d5 2. Nf3 Nf6 3. c4 dxc4 4. Nc3 a6 5. e4 b5 6. a4 b4 7. e5 bxc3 8. exf6 cxb2 9. Bxb2 exf6 10. Bxc4 Bb4+ 11. Nd2 0-0 12. 0-0 Bb7 13. Nf3 Nd7 14. a5 Qe7 15. Qb3 Rab8 16. Ba3 Bxa3 17. Qxa3 Qxa3 18. Rxa3 Rfe8 19. Rb1 Kf8 20. Kf1 Bxf3 21. Rxb8 Bxg2+ 22. Kxg2 Nxb8 23. d5 Ke7 24. Rb3 Kd6 25. Rb7 Nd7 26. Ra7 Nc5 27. Kf1 f5 28. f3 Re3 0-1

[Event "ROM-ch"]
[Site "Calimanesti Caciulata"]
[Date "2017.03.28"]
[Round "4"]
[White "Vasiliu, Cosmin"]
[Black "Marchidan, Costica"]
[Result "1-0"]
[WhiteElo "2052"]
[BlackElo "1718"]
[PlyCount "77"]
[EventDate "2017.03.25"]
[EventType "swiss"]
[EventRounds "9"]
[EventCountry "ROU"]
[SourceTitle "CBM 177 Extra"]
[Source "ChessBase"]
[SourceDate "2017.04.27"]
[SourceVersion "1"]
[SourceVersionDate "2017.04.27"]
[SourceQuality "1"]

1. d4 Nf6 2. Bg5 c5 3. Bxf6 gxf6 4. d5 d6 5. c4 Nd7 6. Qc2 Bg7 7. e4 a6 8. Nc3 Rb8 9. a4 Qa5 10. Ra3 Nb6 11. f4 f5 12. exf5 Qb4 13. Rb3 Qa5 14. Bd3 Nxa4 15. Nge2 Bd7 16. Ra3 b5 17. cxb5 axb5 18. 0-0 b4 19. Rxa4 Bxa4 20. Qxa4+ Qxa4 21. Nxa4 h5 22. g3 Bf6 23. b3 Rf8 24. Kf2 h4 25. Rh1 Kd7 26. Kf3 hxg3 27. hxg3 Rh8 28. Rxh8 Rxh8 29. g4 Rh1 30. g5 Bg7 31. Nb6+ Ke8 32. Ke4 Rd1 33. Nc4 Kd7 34. Ne3 Ra1 35. Bc4 Ra2 36. Nf1 Rc2 37. Neg3 Bh8 38. Nh5 Rf2 39. g6 1-0

[Event "ROM-ch"]
[Site "Calimanesti Caciulata"]
[Date "2017.03.27"]
[Round "3"]
[White "Marchidan, Costica"]
[Black "Dan, Cristian"]
[Result "1-0"]
[WhiteElo "1718"]
[BlackElo "1950"]
[PlyCount "137"]
[EventDate "2017.03.25"]
[EventType "swiss"]
[EventRounds "9"]
[EventCountry "ROU"]
[SourceTitle "CBM 177 Extra"]
[Source "ChessBase"]
[SourceDate "2017.04.27"]
[SourceVersion "1"]
[SourceVersionDate "2017.04.27"]
[SourceQuality "1"]

1. d4 f5 2. Nc3 Nf6 3. Bg5 d5 4. e3 e6 5. Bd3 Bb4 6. Nge2 0-0 7. h4 b6 8. a3 Bd6 9. Nf4 Bxf4 10. Bxf4 Bd7 11. Qd2 c5 12. dxc5 bxc5 13. Be2 Qb6 14. 0-0 Ne4 15. Nxe4 fxe4 16. c4 d4 17. Be5 Nc6 18. Bd6 Rf6 19. b4 cxb4 20. c5 dxe3 21. cxb6 exd2 22. b7 Re8 23. axb4 e5 24. Bc5 Rb8 25. Bc4+ Be6 26. Ba6 Bb3 27. b5 Nd8 28. Bxa7 Rxb7 29. Bxb7 Nxb7 30. Be3 Rd6 31. Rfd1 Bxd1 32. Rxd1 Kf7 33. Kf1 Ke6 34. Ke2 Rd5 35. b6 Nd6 36. Rxd2 Rb5 37. Rc2 Nf5 38. Rc6+ Kd5 39. Rc7 Kd6 40. g4 Ne7 41. Bg5 Rb2+ 42. Ke1 Nc6 43. Rxg7 Rxb6 44. Rxh7 Rb1+ 45. Kd2 Nd4 46. Be3 Rb3 47. Kc1 Kd5 48. Rc7 Kd6 49. Rc8 Nc6 50. h5 Ne7 51. Rc4 Kd5 52. Rc5+ Kd6 53. Rc4 Kd5 54. Ra4 Rc3+ 55. Kd2 Rd3+ 56. Ke2 Ke6 57. Rxe4 Rb3 58. Ra4 Nd5 59. Ra6+ Kf7 60. h6 Rb4 61. Ra7+ Kg8 62. Kf3 Nf6 63. g5 e4+ 64. Kg3 Ne8 65. g6 Rb3 66. h7+ Kh8 67. Ra8 Kg7 68. Rxe8 Kxg6 69. h8Q 1-0

[Event "ROM-ch"]
[Site "Calimanesti Caciulata"]
[Date "2017.03.26"]
[Round "2"]
[White "Fluerariu, Radu Cristian"]
[Black "Marchidan, Costica"]
[Result "1-0"]
[WhiteElo "2030"]
[BlackElo "1718"]
[PlyCount "81"]
[EventDate "2017.03.25"]
[EventType "swiss"]
[EventRounds "9"]
[EventCountry "ROU"]
[SourceTitle "CBM 177 Extra"]
[Source "ChessBase"]
[SourceDate "2017.04.27"]
[SourceVersion "1"]
[SourceVersionDate "2017.04.27"]
[SourceQuality "1"]

1. e4 c5 2. c3 g6 3. d4 cxd4 4. cxd4 Bg7 5. Nc3 d6 6. h3 Nf6 7. Nf3 0-0 8. Be2 a6 9. Be3 Nc6 10. 0-0 b5 11. a3 Bb7 12. Rc1 Rc8 13. Bd3 Na5 14. Nd2 Nd7 15. Qe2 Nc6 16. Nb3 e5 17. dxe5 dxe5 18. Rfd1 Nd4 19. Bxd4 exd4 20. Na2 Qe7 21. f3 Qe5 22. Na5 Rxc1 23. Rxc1 Ba8 24. Nb4 Bh6 25. Rc2 Be3+ 26. Kh1 Qg3 27. Qf1 Ne5 28. Be2 g5 29. Nd3 Nxd3 30. Bxd3 Bf4 31. Qg1 g4 32. Be2 Be3 33. Qf1 f5 34. exf5 Bf4 35. Qg1 d3 36. Bxd3 Bxf3 37. gxf3 Qxf3+ 38. Qg2 Qd1+ 39. Qf1 Qxf1+ 40. Bxf1 Rxf5 41. hxg4 1-0

[Event "Arad op 9th"]
[Site "Arad"]
[Date "2016.08.07"]
[Round "3"]
[White "Terbe, Julianna"]
[Black "Marchidan, Costica"]
[Result "1-0"]
[WhiteElo "2187"]
[BlackElo "1690"]
[PlyCount "79"]
[EventDate "2016.08.06"]
[EventType "swiss"]
[EventRounds "9"]
[EventCountry "ROU"]
[SourceTitle "CBM 173 Extra"]
[Source "ChessBase"]
[SourceDate "2016.08.29"]
[SourceVersion "1"]
[SourceVersionDate "2016.08.29"]
[SourceQuality "1"]

1. e4 c5 2. Nf3 d6 3. d4 cxd4 4. Nxd4 Nf6 5. f3 g6 6. c4 Bg7 7. Nc3 0-0 8. Be3 Nc6 9. Qd2 Bd7 10. Be2 a5 11. b3 Nxd4 12. Bxd4 Bc6 13. 0-0 Nd7 14. Be3 Nc5 15. Rab1 f5 16. exf5 gxf5 17. Rbd1 Be5 18. Nd5 Kh8 19. Bg5 Rf7 20. f4 Ne4 21. Qe3 Bg7 22. Bh5 Bxd5 23. Rxd5 Rf8 24. Bh4 a4 25. Bf3 Nc3 26. Rd2 Re8 27. Bxb7 axb3 28. Bxa8 Qxa8 29. axb3 Ne4 30. Rc2 Qb7 31. Rb1 Rg8 32. b4 d5 33. cxd5 Qxd5 34. Kh1 Bd4 35. Qf3 Rg4 36. Be1 Qe6 37. h3 Qh6 38. Qd3 Rxf4 39. Qxd4+ Kg8 40. Rc8+ 1-0

[Event "ROM-ch"]
[Site "Targu Mures"]
[Date "2014.05.04"]
[Round "11"]
[White "Manate, Laurean"]
[Black "Marchidan, Costica"]
[Result "0-1"]
[WhiteElo "1840"]
[BlackElo "1820"]
[PlyCount "82"]
[EventDate "2014.04.26"]
[EventType "swiss"]
[EventRounds "11"]
[EventCountry "ROU"]
[SourceTitle "CBM 160 Extra"]
[Source "ChessBase"]
[SourceDate "2014.07.01"]
[SourceVersion "1"]
[SourceVersionDate "2014.07.01"]
[SourceQuality "1"]

1. e4 c5 2. Nf3 d6 3. c4 g6 4. d3 Bg7 5. Qc2 Nc6 6. a3 e6 7. Bd2 Nge7 8. Nc3 a6 9. Be2 Rb8 10. 0-0 0-0 11. Rad1 b5 12. b3 b4 13. axb4 Nxb4 14. Qb1 Qb6 15. Rc1 Nec6 16. Na4 Qb7 17. Bxb4 Qxb4 18. Bd1 Na5 19. Qa2 Bd7 20. Nd2 Bh6 21. f4 e5 22. g3 Bh3 23. Rf2 exf4 24. gxf4 f5 25. Rb1 fxe4 26. dxe4 Rxf4 27. Bf3 Be6 28. Qc2 Rf7 29. Qd3 Bxd2 30. Rxd2 Rxf3 31. Qxf3 Qxd2 32. Rf1 Qg5+ 33. Kh1 Nc6 34. Rg1 Qh4 35. Qd3 Rf8 36. Nc3 Bg4 37. Rg3 Nd4 38. h3 Rf3 39. Rxf3 Bxf3+ 40. Kg1 Qg3+ 41. Kf1 Bg2+ 0-1

[Event "ROM-ch"]
[Site "Targu Mures"]
[Date "2014.05.02"]
[Round "9"]
[White "Marchidan, Costica"]
[Black "Porfireanu, Serban"]
[Result "1-0"]
[WhiteElo "1820"]
[BlackElo "1880"]
[PlyCount "63"]
[EventDate "2014.04.26"]
[EventType "swiss"]
[EventRounds "11"]
[EventCountry "ROU"]
[SourceTitle "CBM 160 Extra"]
[Source "ChessBase"]
[SourceDate "2014.07.01"]
[SourceVersion "1"]
[SourceVersionDate "2014.07.01"]
[SourceQuality "1"]

1. d4 d5 2. c4 Nf6 3. cxd5 Qxd5 4. Nc3 Qd8 5. e4 e6 6. Bd3 c6 7. Nf3 Be7 8. 0-0 Nbd7 9. Bg5 h6 10. Be3 0-0 11. Rc1 b6 12. a3 a5 13. Qe2 Re8 14. Rfd1 Bf8 15. e5 Nd5 16. Nxd5 cxd5 17. Rc3 f5 18. Rdc1 Bb7 19. Rc7 Nc5 20. dxc5 Qxc7 21. cxb6 Qf7 22. Rc7 Re7 23. Qc2 Qe8 24. a4 Rc8 25. Nd4 Rexc7 26. bxc7 Qd7 27. Nb5 Bc6 28. Bb6 Bb4 29. h3 d4 30. Na7 Qd5 31. Nxc6 Bc3 32. Ne7+ 1-0

[Event "ROM-ch"]
[Site "Targu Mures"]
[Date "2014.04.30"]
[Round "6"]
[White "Anuta, Laurentiu"]
[Black "Marchidan, Costica"]
[Result "1-0"]
[WhiteElo "2013"]
[BlackElo "1820"]
[PlyCount "57"]
[EventDate "2014.04.26"]
[EventType "swiss"]
[EventRounds "11"]
[EventCountry "ROU"]
[SourceTitle "CBM 160 Extra"]
[Source "ChessBase"]
[SourceDate "2014.07.01"]
[SourceVersion "1"]
[SourceVersionDate "2014.07.01"]
[SourceQuality "1"]

1. d4 Nf6 2. Nf3 g6 3. Bg5 Bg7 4. Nbd2 0-0 5. e4 d6 6. Bc4 a6 7. a4 c5 8. dxc5 dxc5 9. c3 Nc6 10. 0-0 Qb6 11. Qc2 h6 12. Bh4 e5 13. Bxf6 Bxf6 14. Bd5 Na5 15. h3 Be6 16. c4 h5 17. Ra3 Bd7 18. Rd3 Rab8 19. Nb1 Qb4 20. b3 b5 21. axb5 axb5 22. Nbd2 bxc4 23. Nxc4 Nxb3 24. Ncxe5 Nd4 25. Rxd4 cxd4 26. Nxd7 Rfc8 27. Nxf6+ Kg7 28. Nxh5+ gxh5 29. Qd1 1-0

[Event "ROM-ch"]
[Site "Baile Olanesti"]
[Date "2013.02.21"]
[Round "8"]
[White "Turcu, Iulian"]
[Black "Marchidan, Costica"]
[Result "1-0"]
[WhiteElo "2225"]
[BlackElo "1757"]
[PlyCount "57"]
[EventDate "2013.02.16"]
[EventType "swiss"]
[EventRounds "11"]
[EventCountry "ROU"]
[SourceTitle "CBM 153 Extra"]
[Source "ChessBase"]
[SourceDate "2013.04.22"]
[SourceVersion "1"]
[SourceVersionDate "2013.04.22"]
[SourceQuality "1"]

1. d4 Nf6 2. Nc3 d5 3. Bf4 g6 4. Qd2 Bg7 5. 0-0-0 a6 6. f3 h5 7. e4 dxe4 8. fxe4 b5 9. Bd3 Bb7 10. e5 Nd5 11. Nxd5 Qxd5 12. Nf3 Qxa2 13. Qc3 Nc6 14. d5 b4 15. Qc5 Qa5 16. Qc4 Nxe5 17. Bxe5 Bxe5 18. Nxe5 Bxd5 19. Qf4 Qa1+ 20. Kd2 Qxb2 21. Ke2 0-0 22. Rhf1 c5 23. Nd7 c4 24. Bxg6 fxg6 25. Nxf8 Qxc2+ 26. Rd2 Qf5 27. Qxf5 gxf5 28. Rxd5 Rxf8 29. Rdxf5 1-0

[Event "ROM-ch"]
[Site "Baile Olanesti"]
[Date "2013.02.16"]
[Round "1"]
[White "Miulescu, Gabriel"]
[Black "Marchidan, Costica"]
[Result "1/2-1/2"]
[WhiteElo "2161"]
[BlackElo "1757"]
[PlyCount "67"]
[EventDate "2013.02.16"]
[EventType "swiss"]
[EventRounds "11"]
[EventCountry "ROU"]
[SourceTitle "CBM 153 Extra"]
[Source "ChessBase"]
[SourceDate "2013.04.22"]
[SourceVersion "1"]
[SourceVersionDate "2013.04.22"]
[SourceQuality "1"]

1. e4 c5 2. Nf3 d6 3. d4 cxd4 4. Nxd4 Nf6 5. Nc3 g6 6. Be3 Bg7 7. f3 0-0 8. Qd2 Nc6 9. Bc4 Bd7 10. 0-0-0 Ne5 11. Bb3 Rc8 12. Kb1 Re8 13. h4 h5 14. Bg5 Rc5 15. Rhe1 b5 16. Nd5 a5 17. Bxf6 exf6 18. a3 a4 19. Ba2 Nc4 20. Bxc4 Rxc4 21. Ne3 Rc5 22. Qd3 Qc7 23. Ne2 f5 24. Qxd6 Be6 25. Qd3 fxe4 26. fxe4 Bc4 27. Qd2 Rxe4 28. g4 Bxe2 29. Qxe2 Bh6 30. Qf2 Bxe3 31. Rxe3 Rxe3 32. Qxe3 Rxc2 33. Rd8+ Qxd8 34. Kxc2 1/2-1/2